| 000 | 00938nam a2200193Ia 4500 | ||
|---|---|---|---|
| 999 |
_c7097 _d7097 |
||
| 008 | 200103s 1962 ||||xx |||||||||||||| ||und|| | ||
| 082 |
_a620.106 _bGIL |
||
| 100 | _aGiles, Ranald V. | ||
| 245 | 0 | _aSchaum's outline of theory and problems of fluid mechanics and hydraulics | |
| 250 | _a2nd | ||
| 260 |
_bSchaum Publishing Co. _c1962 _aNew York |
||
| 300 | _a274 p.: ill. | ||
| 440 | _a Schaum's outline series | ||
| 504 | _aTable of Contents Properties of fluids Fluid statics Hydrostatic force on surfaces Buoyancy and flotation Translation and rotation of liquid masses Dimensional analysis and hydraulic similitude Fundamentals of fluid flow Flow in closed conduits complex pipeline systems Flow in open channels Flow of compressible fluids Forces developed by moving fluids Fluid machinery Index | ||
| 650 | _aFluid mechanics | ||
| 650 | _aHydraulics | ||
| 650 | _aBuoyancy and flotation | ||
| 942 | _cBK | ||